[Event "BL 0607 SC BANN - SV Wattenscheid"]
[Site "?"]
[Date "2006.10.28"]
[Round "1.7"]
[White "Dinstuhl, Volkmar Dr"]
[Black "Lazarev, Vladimir"]
[Result "1-0"]
[WhiteElo "2426"]
[BlackElo "2522"]
[PlyCount "71"]
[EventDate "2006.??.??"]

1. d4 Nf6 2. c4 e6 3. Nf3 d5 4. Nc3 Bb4 5. Bg5 h6 6. Bxf6 Qxf6 7. cxd5 exd5 8.
Rc1 c6 9. a3 Bxc3+ 10. Rxc3 O-O 11. e3 a5 12. Be2 Bg4 13. Ne5 Bxe2 14. Qxe2 Qe6
15. O-O Nd7 16. Nd3 Ra7 17. Rfc1 a4 18. h3 Re8 19. Nc5 Qd6 20. b4 axb3 21. Nxd7
Qxd7 22. Rxb3 g6 23. Qb2 b5 24. Rc5 Re6 25. Rbc3 Ra6 26. Qc2 Kg7 27. h4 h5 28.
g3 Qa7 29. Rxc6 Rexc6 30. Rxc6 Rxa3 31. Qc5 Qa4 32. Qe7 Ra1+ 33. Kg2 Qa8 34.
Qf6+ Kh6 35. Rc7 Ra7 36. Qf4+ 1-0

[Event "BL 0607 SC BANN - SV Wattenscheid"]
[Site "?"]
[Date "2006.10.28"]
[Round "1.8"]
[White "Bunzmann, Dimitri"]
[Black "Straeter, Timo"]
[Result "1-0"]
[WhiteElo "2530"]
[BlackElo "2345"]
[PlyCount "93"]
[EventDate "2006.??.??"]

1. c4 e5 2. Nc3 Nc6 3. Nf3 f5 4. d4 e4 5. d5 exf3 6. dxc6 fxg2 7. cxd7+ Qxd7 8.
Qxd7+ Bxd7 9. Bxg2 O-O-O 10. Bf4 Bb4 11. Rc1 Ne7 12. O-O Bc6 13. Nd5 Bxd5 14.
cxd5 Bd6 15. Be3 Kb8 16. Bd4 Ng6 17. e3 Nh4 18. f4 Nxg2 19. Kxg2 Rhe8 20. Kf3
g6 21. Rfd1 Rd7 22. Rc2 b6 23. Rdc1 Re4 24. Rc4 Kb7 25. Bf6 Rf7 26. Bh4 Re8 27.
b4 a6 28. a3 Rd7 29. Bf6 Rf7 30. Bd4 Re4 31. Bb2 Re8 32. h4 Rfe7 33. Bd4 Re4
34. Rd1 Rd8 35. Rc2 Rd7 36. h5 Bf8 37. hxg6 hxg6 38. Rdc1 Bg7 39. Bxg7 Rxg7 40.
Rc6 Rh7 41. R1c3 b5 42. Rxg6 Rd7 43. Rc5 Rh7 44. Rc3 Rd7 45. Re6 Rc4 46. Rxc4
bxc4 47. e4 1-0

[Event "BL 0607 SC Eppingen - Werder Bremen"]
[Site "?"]
[Date "2006.10.28"]
[Round "1.2"]
[White "Acs, Peter"]
[Black "Areshchenko, Alexander"]
[Result "0-1"]
[WhiteElo "2522"]
[BlackElo "2640"]
[PlyCount "72"]
[EventDate "2006.??.??"]

1. d4 d5 2. Nf3 Nf6 3. c4 c6 4. e3 e6 5. Bd3 dxc4 6. Bxc4 c5 7. O-O cxd4 8.
exd4 Nc6 9. Nc3 Be7 10. Bg5 O-O 11. a3 a6 12. Qd3 h6 13. Bxf6 Bxf6 14. Rad1 Qc7
15. Ne4 Be7 16. Ba2 Rd8 17. Bb1 g6 18. Qe3 Kg7 19. Qc3 Kg8 20. Rfe1 Bd7 21. Ne5
Rac8 22. Ng4 Qf4 23. h3 Ne5 24. Ngf6+ Kg7 25. Nxd7 Rxc3 26. Nxe5 Rc7 27. g3 Qf5
28. f4 Qxh3 29. Rd3 Bd6 30. Nf2 Qf5 31. Rde3 Qf6 32. Nfg4 Qe7 33. Nxg6 Qd7 34.
Nh4 h5 35. Nf2 Be7 36. Nf3 Bf6 0-1

[Event "BL 0607 SC Eppingen - Werder Bremen"]
[Site "?"]
[Date "2006.10.28"]
[Round "1.3"]
[White "Hracek, Zbynek"]
[Black "Medvegy, Zoltan"]
[Result "1-0"]
[WhiteElo "2614"]
[BlackElo "2518"]
[PlyCount "75"]
[EventDate "2006.??.??"]

1. Nf3 Nf6 2. c4 b6 3. d4 e6 4. g3 Bb7 5. Bg2 Be7 6. O-O O-O 7. Nc3 Ne4 8. Bd2
f5 9. Qc2 Bf6 10. Rad1 Nxc3 11. Bxc3 Be4 12. Qc1 d6 13. Ne1 Bxg2 14. Nxg2 Qe8
15. Nf4 Bg5 16. e3 Nc6 17. Rfe1 Qf7 18. d5 Nd8 19. Ne2 Bf6 20. f4 e5 21. fxe5
dxe5 22. Rf1 Qh5 23. Qc2 Qh6 24. Rxf5 Qxe3+ 25. Kg2 Nf7 26. Bb4 Rfe8 27. Rdf1
e4 28. Nf4 Nh6 29. Rxf6 gxf6 30. Nh5 f5 31. Nf6+ Kg7 32. Bc3 Kg6 33. Qd1 Qg5
34. h4 Qxf6 35. Bxf6 Kxf6 36. Qh5 Ng8 37. Rxf5+ Kg7 38. Rf7+ 1-0

[Event "BL 0607 SC Eppingen - Werder Bremen"]
[Site "?"]
[Date "2006.10.28"]
[Round "1.4"]
[White "Rau, Hannes"]
[Black "Babula, Vlastimil"]
[Result "1/2-1/2"]
[WhiteElo "2422"]
[BlackElo "2584"]
[PlyCount "112"]
[EventDate "2006.??.??"]

1. d4 Nf6 2. c4 e6 3. Nc3 Bb4 4. Qc2 d5 5. cxd5 exd5 6. Bg5 c5 7. dxc5 h6 8.
Bh4 g5 9. Bg3 Ne4 10. Bxb8 Qf6 11. Nf3 Bxc3+ 12. bxc3 Rxb8 13. e3 O-O 14. Bd3
Nxc5 15. O-O Bd7 16. Nd4 Rbc8 17. a4 Rc7 18. Nb5 Bxb5 19. axb5 b6 20. Ra3 Rfc8
21. Bf5 Re8 22. Rfa1 Ree7 23. h3 Kg7 24. Rd1 Re5 25. Bg4 Ne4 26. Bf3 Qe7 27.
Qb2 Nd6 28. Ra4 Rc5 29. Be2 Ne4 30. c4 Qf6 31. f3 Ng3 32. cxd5 Rexd5 33. Qxf6+
Kxf6 34. Rxd5 Nxe2+ 35. Kf2 Rxd5 36. Kxe2 Rxb5 37. Rxa7 Rb2+ 38. Kf1 b5 39.
Ra6+ Kg7 40. Rb6 h5 41. g3 h4 42. gxh4 gxh4 43. f4 f5 44. Ke1 b4 45. Kd1 b3 46.
Rb5 Kg6 47. Rb6+ Kf7 48. Kc1 Rh2 49. Rxb3 Rxh3 50. Kd2 Rh2+ 51. Ke1 Kg6 52. Rb8
Kh5 53. Rg8 h3 54. Kf1 Kh4 55. Rg5 Ra2 56. Kg1 h2+ 1/2-1/2

[Event "BL 0607 SC Eppingen - Werder Bremen"]
[Site "?"]
[Date "2006.10.28"]
[Round "1.5"]
[White "Nyback, Tomi"]
[Black "Miltner, Arndt"]
[Result "1-0"]
[WhiteElo "2575"]
[BlackElo "2376"]
[PlyCount "123"]
[EventDate "2006.??.??"]

1. Nf3 d6 2. d4 Nf6 3. c4 Nbd7 4. Nc3 e5 5. e4 Be7 6. Be2 O-O 7. O-O c6 8. Rb1
a6 9. b4 b5 10. Qb3 exd4 11. Nxd4 Ne5 12. Rd1 Qc7 13. Bf4 Bd7 14. Rbc1 Qb7 15.
c5 dxc5 16. bxc5 Ng6 17. Bg5 h6 18. Bxf6 Bxf6 19. g3 Qc7 20. Bf1 Rad8 21. Nce2
Rfe8 22. Qc2 a5 23. f4 Bg4 24. Bg2 Bxd4+ 25. Rxd4 Bxe2 26. Rxd8 Rxd8 27. Qxe2
Qd7 28. Bf3 Qd4+ 29. Kg2 Qb4 30. Rc2 a4 31. Qe3 Ne7 32. Kf2 Kf8 33. a3 Qb3 34.
Qxb3 axb3 35. Rb2 Rd3 36. Be2 Rc3 37. Ke1 Rxc5 38. Kd2 f5 39. e5 g5 40. Rxb3
Nd5 41. Rf3 gxf4 42. gxf4 Ke7 43. Bf1 Ke6 44. Bd3 Ke7 45. Bxf5 Rc4 46. Bd3 Rxf4
47. Rxf4 Nxf4 48. Be4 Kd7 49. Ke3 Ne6 50. Bf5 Ke7 51. Bxe6 Kxe6 52. Kd4 h5 53.
Kc5 h4 54. Kxc6 h3 55. Kxb5 Kxe5 56. a4 Kf4 57. a5 Kf3 58. a6 Kg2 59. a7 Kxh2
60. a8=Q Kg1 61. Qg8+ Kh1 62. Qf7 1-0

[Event "BL 0607 SC Eppingen - Werder Bremen"]
[Site "?"]
[Date "2006.10.28"]
[Round "1.6"]
[White "Vogt, Lothar"]
[Black "Fish, Gennadij"]
[Result "1/2-1/2"]
[WhiteElo "2479"]
[BlackElo "2529"]
[PlyCount "102"]
[EventDate "2006.??.??"]

1. e4 c5 2. Nf3 e6 3. d4 cxd4 4. Nxd4 a6 5. Bd3 Qc7 6. O-O Nf6 7. Qe2 d6 8. c4
Be7 9. b3 O-O 10. Bb2 b6 11. f4 Nbd7 12. Nc3 Bb7 13. Rae1 g6 14. Kh1 e5 15. Nc2
exf4 16. Rxf4 d5 17. e5 Nh5 18. Rff1 Bh4 19. Nxd5 Bxd5 20. cxd5 Bxe1 21. Nxe1
Rae8 22. Nf3 Nf4 23. Qd2 Nxd3 24. Qxd3 Nxe5 25. Nxe5 Rxe5 26. d6 Qc5 27. Bxe5
Qxe5 28. d7 Rd8 29. Rd1 b5 30. h3 h5 31. a4 bxa4 32. bxa4 Qe6 33. Qd4 Qf5 34.
Kh2 a5 35. Qd6 Qe6 36. Qxe6 fxe6 37. Kg3 Kf7 38. Kf4 Ke7 39. Kg5 Kf7 40. h4 e5
41. Rd6 Ke7 42. Rxg6 Kxd7 43. Kxh5 Re8 44. Kg4 e4 45. Rb6 e3 46. Rb1 Re4+ 47.
Kf3 Rxh4 48. g4 Rh3+ 49. Kg2 Rh8 50. Re1 Rb8 51. Rxe3 Ra8 1/2-1/2

[Event "BL 0607 SC Eppingen - Werder Bremen"]
[Site "?"]
[Date "2006.10.28"]
[Round "1.7"]
[White "Schandorff, Lars"]
[Black "Dekan, Hans"]
[Result "1-0"]
[WhiteElo "2534"]
[BlackElo "2179"]
[PlyCount "73"]
[EventDate "2006.??.??"]

1. d4 d5 2. c4 dxc4 3. e3 Bf5 4. Bxc4 e6 5. Nc3 Nf6 6. f3 c6 7. e4 Bg6 8. Nge2
Be7 9. Be3 Nbd7 10. Bb3 a5 11. Nf4 Nh5 12. Nd3 Nhf6 13. Qd2 Rc8 14. Rd1 b5 15.
a3 Nb6 16. Qf2 Nbd7 17. Nf4 b4 18. axb4 Bxb4 19. O-O Qe7 20. Na4 O-O 21. Rc1 e5
22. dxe5 Nxe5 23. Bc5 Bxc5 24. Qxc5 Qc7 25. Qe3 Rfe8 26. Nc5 Qb6 27. Rc3 Ra8
28. Kh1 Qb5 29. Ra1 Red8 30. Nfd3 Nxd3 31. Nxd3 a4 32. Bc4 Qb7 33. Rca3 Qe7 34.
Rxa4 Rxa4 35. Rxa4 Nd5 36. Qf2 Nb6 37. Qxb6 1-0

[Event "BL 0607 SC Eppingen - Werder Bremen"]
[Site "?"]
[Date "2006.10.28"]
[Round "1.8"]
[White "Meinhardt, Maximillian"]
[Black "Knaak, Rainer"]
[Result "0-1"]
[WhiteElo "2381"]
[BlackElo "2486"]
[PlyCount "74"]
[EventDate "2006.??.??"]

1. e4 e6 2. d4 d5 3. e5 c5 4. c3 Bd7 5. Nf3 a6 6. h4 cxd4 7. cxd4 Bb5 8. Bxb5+
axb5 9. Nc3 b4 10. Ne2 Ne7 11. Nf4 Qb6 12. O-O Nd7 13. Be3 Nf5 14. Ng5 Be7 15.
Qg4 h5 16. Qh3 g6 17. b3 Kf8 18. Rac1 Bxg5 19. hxg5 Kg7 20. Rc2 Rhc8 21. Rfc1
Rxc2 22. Rxc2 Qd8 23. Nd3 Rc8 24. Nxb4 Rxc2 25. Nxc2 Qc7 26. Ne1 Qa5 27. Nf3
Qxa2 28. Nd2 Nxd4 29. Bxd4 Qxd2 30. Qe3 Qd1+ 31. Kh2 Nb8 32. Bc5 Nc6 33. Qf4
Qxb3 34. Qf6+ Kg8 35. Bd6 Qc4 36. f4 b5 37. f5 Qf4+ 0-1

[Event "BL 0607 TV Tegernsee - Hamburger SK"]
[Site "?"]
[Date "2006.10.28"]
[Round "1.1"]
[White "Gustafsson, Jan"]
[Black "Alekseev, Evgeny"]
[Result "1/2-1/2"]
[WhiteElo "2584"]
[BlackElo "2639"]
[PlyCount "41"]
[EventDate "2006.??.??"]

1. d4 Nf6 2. c4 e6 3. Nf3 b6 4. g3 Bb7 5. Bg2 Be7 6. O-O O-O 7. Re1 Na6 8. Ne5
d5 9. cxd5 exd5 10. Nc3 c5 11. dxc5 bxc5 12. Bf4 Rb8 13. Qa4 Qe8 14. Rac1 Qxa4
15. Nxa4 Rbc8 16. Red1 Rfd8 17. b3 Ne4 18. Bxe4 dxe4 19. Nc4 Bc6 20. Nc3 f6 21.
Nd6 1/2-1/2

[Event "BL 0607 TV Tegernsee - Hamburger SK"]
[Site "?"]
[Date "2006.10.28"]
[Round "1.3"]
[White "Kempinski, Robert"]
[Black "Sokolov, Andrei"]
[Result "1/2-1/2"]
[WhiteElo "2590"]
[BlackElo "2580"]
[PlyCount "138"]
[EventDate "2006.??.??"]

1. d4 Nf6 2. c4 e6 3. Nf3 b6 4. g3 Ba6 5. Qa4 Bb7 6. Bg2 c5 7. dxc5 Bxc5 8. O-O
O-O 9. Nc3 Be7 10. Bf4 Na6 11. Rad1 Qc8 12. Rd4 Nc5 13. Qc2 d5 14. Ne5 dxc4 15.
Bxb7 Qxb7 16. Nxc4 Rad8 17. Rfd1 Rxd4 18. Rxd4 Rd8 19. Rxd8+ Bxd8 20. Qd1 Be7
21. Bd6 h6 22. Bxe7 Qxe7 23. Qd4 Ncd7 24. a3 Kf8 25. b4 e5 26. Qd3 Qe6 27. Nb5
e4 28. Qd6+ Qxd6 29. Ncxd6 a6 30. Nc3 Ke7 31. Ndxe4 Nxe4 32. Nxe4 Ke6 33. Nc3
Ne5 34. f4 Nc4 35. a4 a5 36. bxa5 bxa5 37. Kf2 Kd6 38. Kf3 Nd2+ 39. Ke3 Nf1+
40. Kd4 Nxh2 41. Ne4+ Kc6 42. Nd2 g5 43. fxg5 hxg5 44. Nc4 Nf1 45. g4 Nh2 46.
Ne5+ Kb6 47. Nxf7 Nxg4 48. Nxg5 Nh6 49. e4 Ng4 50. Nf3 Nf2 51. Ne5 Nd1 52. Nc4+
Kc7 53. Kd3 Nf2+ 54. Ke3 Nd1+ 55. Kd4 Kd7 56. Ne5+ Kd6 57. Nd3 Kc7 58. e5 Kc6
59. Ke4 Nc3+ 60. Kf5 Nxa4 61. e6 Kd6 62. Kf6 Nb6 63. Kf7 Nc8 64. Nb2 Kc5 65.
Ke8 Kd6 66. Kf7 Kc5 67. Kf6 Kb5 68. Kf7 a4 69. Nxa4 Kxa4 1/2-1/2

[Event "BL 0607 TV Tegernsee - Hamburger SK"]
[Site "?"]
[Date "2006.10.28"]
[Round "1.5"]
[White "Mueller, Karsten Dr"]
[Black "Rozentalis, Eduardas"]
[Result "1/2-1/2"]
[WhiteElo "2500"]
[BlackElo "2591"]
[PlyCount "114"]
[EventDate "2006.??.??"]

1. e4 e6 2. d4 d5 3. Nc3 Bb4 4. exd5 exd5 5. Bd3 Nc6 6. a3 Bxc3+ 7. bxc3 Nge7
8. Qh5 Be6 9. Nf3 Qd7 10. Ng5 g6 11. Qf3 O-O-O 12. O-O Bg4 13. Qf6 h6 14. Nf3
g5 15. Re1 Qd6 16. Qxd6 Rxd6 17. Ne5 Nxe5 18. Rxe5 Ng6 19. f3 Be6 20. Re1 Nf4
21. Bf1 Bf5 22. g3 Ng6 23. Ra2 Kd8 24. Be3 Re8 25. c4 dxc4 26. Bxc4 Be6 27.
Bxe6 Rdxe6 28. Kf2 Rc6 29. Bd2 Rxe1 30. Kxe1 Rc4 31. Rb2 b6 32. c3 c5 33. Rb5
Kc7 34. dxc5 bxc5 35. Ke2 a6 36. Rb1 Ra4 37. Bc1 f5 38. Kd3 Ne5+ 39. Ke2 Nc4
40. Rb3 Ra5 41. h4 gxh4 42. gxh4 h5 43. Bf4+ Kc6 44. Rb8 Rxa3 45. Kd3 Ra4 46.
Bg3 f4 47. Bxf4 Nb2+ 48. Rxb2 Rxf4 49. Ke3 Rc4 50. f4 Kd5 51. Rd2+ Ke6 52. Rg2
Rxc3+ 53. Kd2 Rf3 54. Rg5 Rxf4 55. Rxc5 Rxh4 56. Ke3 Rh3+ 57. Ke4 Rh4+ 1/2-1/2

[Event "BL 0607 TV Tegernsee - Hamburger SK"]
[Site "?"]
[Date "2006.10.28"]
[Round "1.6"]
[White "Bromberger, Stefan"]
[Black "Heinemann, Thies"]
[Result "1-0"]
[WhiteElo "2505"]
[BlackElo "2453"]
[PlyCount "191"]
[EventDate "2006.??.??"]

1. e4 c5 2. Nf3 d6 3. d4 cxd4 4. Nxd4 Nf6 5. Nc3 a6 6. Be3 e5 7. Nb3 Be6 8. f3
Nbd7 9. Qd2 b5 10. O-O-O Nb6 11. Qf2 Nc4 12. Bxc4 bxc4 13. Na5 Rc8 14. Bb6 Qd7
15. g3 Be7 16. f4 Bh3 17. Qe1 Qg4 18. Qe3 O-O 19. Kb1 Rfe8 20. Rd2 Bf8 21. f5
g6 22. Re1 gxf5 23. exf5 Kh8 24. Nb7 d5 25. Nxd5 Qxf5 26. Nc7 c3 27. Rf2 Qg6
28. Nxe8 Rxe8 29. Rxf6 Qxf6 30. Bd4 Bg7 31. Bxc3 Bf5 32. Nc5 Qc6 33. Nd3 f6 34.
Qc5 Qd7 35. Qc4 Qb7 36. Nc5 Qg2 37. Qe2 Qxe2 38. Rxe2 Rd8 39. Rd2 Rxd2 40. Bxd2
Bc8 41. c4 Bf8 42. Be3 Kg7 43. Kc2 Kg6 44. Nd3 Kf5 45. Nf2 h5 46. Kc3 h4 47. b4
hxg3 48. hxg3 Bd7 49. Kb3 Bd6 50. a4 e4 51. g4+ Ke5 52. b5 axb5 53. axb5 f5 54.
gxf5 Kxf5 55. Nd1 Kg4 56. Ka4 Kf3 57. c5 Bh2 58. c6 Be8 59. Bc5 Ke2 60. Nb2 Kd2
61. Ka5 Kc2 62. Nc4 Kd3 63. Nd6 Bxd6 64. Bxd6 Kc4 65. Bf4 Kc5 66. Be3+ Kc4 67.
Ka6 Kb4 68. Kb6 Kc4 69. Bc5 Kd5 70. c7 Bd7 71. Bf2 Kc4 72. Bg1 Kb4 73. Be3 Kc4
74. Bd2 Kd3 75. Be1 Kc4 76. Bf2 Kb4 77. Be3 Kc4 78. Bc5 Kd5 79. Bf2 Kc4 80. Be1
e3 81. Bg3 e2 82. Be1 Kd5 83. Kb7 Kc5 84. b6 Kb5 85. Ka7 Kc6 86. b7 Kxc7 87.
b8=Q+ Kc6 88. Bg3 Be6 89. Qd6+ Kb5 90. Qxe6 Kb4 91. Qxe2 Kc3 92. Be5+ Kb3 93.
Qd3+ Kb4 94. Qc3+ Kb5 95. Bd6 Ka4 96. Qb4# 1-0

[Event "BL 0607 TV Tegernsee - Hamburger SK"]
[Site "?"]
[Date "2006.10.28"]
[Round "1.7"]
[White "Michaelsen, Nils"]
[Black "Boensch, Uwe"]
[Result "1/2-1/2"]
[WhiteElo "2423"]
[BlackElo "2524"]
[PlyCount "61"]
[EventDate "2006.??.??"]

1. d4 Nf6 2. c4 e6 3. Nc3 d5 4. Bg5 Be7 5. e3 h6 6. Bh4 O-O 7. Nf3 Ne4 8. Bxe7
Qxe7 9. Rc1 Nxc3 10. Rxc3 c6 11. Bd3 Nd7 12. O-O dxc4 13. Bxc4 b6 14. Bd3 c5
15. Be4 Rb8 16. Qa4 Bb7 17. Bxb7 Rxb7 18. Rfc1 a5 19. Qb5 Rd8 20. a3 e5 21.
dxc5 Nxc5 22. b4 axb4 23. axb4 Nd7 24. h3 e4 25. Nd4 Ne5 26. Nc6 Nxc6 27. Rxc6
Rbd7 28. Rc8 Qe6 29. Qc4 Rxc8 30. Qxc8+ Kh7 31. Qb8 1/2-1/2

[Event "BL 0607 TV Tegernsee - Hamburger SK"]
[Site "?"]
[Date "2006.10.28"]
[Round "1.8"]
[White "Kindermann, Stefan"]
[Black "Sebastian, Dirk"]
[Result "1-0"]
[WhiteElo "2532"]
[BlackElo "2384"]
[PlyCount "54"]
[EventDate "2006.??.??"]

1. e4 e5 2. Nf3 Nc6 3. Bc4 Bc5 4. c3 Nf6 5. d3 a6 6. O-O d6 7. Bb3 O-O 8. Nbd2
Ba7 9. h3 Ne7 10. Re1 Ng6 11. Nf1 h6 12. Ng3 Nh7 13. d4 Qe7 14. Be3 Ng5 15. Nh2
Nf4 16. h4 Nh7 17. Nf5 Bxf5 18. exf5 Qf6 19. g3 Qxf5 20. gxf4 exf4 21. Bd2 Nf6
22. Bc2 Qh3 23. Qf3 Qxh4 24. Qxf4 Qxf4 25. Bxf4 g5 26. Bd2 Kg7 27. Nf1 Ng8 1-0

[Event "BL 0607 Bindl-Aktionär - SF Katernberg"]
[Site "?"]
[Date "2006.10.28"]
[Round "1.3"]
[White "Chuchelov, Vladimir"]
[Black "Baklan, Vladimir"]
[Result "0-1"]
[WhiteElo "2539"]
[BlackElo "2622"]
[PlyCount "60"]
[EventDate "2006.??.??"]

1. Nf3 Nf6 2. c4 e6 3. Nc3 Bb4 4. Qb3 c5 5. g3 O-O 6. Bg2 Nc6 7. O-O a6 8. d3
Rb8 9. Rd1 d6 10. Bg5 h6 11. Bxf6 Qxf6 12. Ne4 Qe7 13. a3 Ba5 14. d4 e5 15.
dxc5 dxc5 16. Rd5 Be6 17. e3 Bc7 18. Rad1 b6 19. Qc2 f5 20. Nc3 Qf7 21. Qa4 b5
22. Qc2 e4 23. Nh4 Bxd5 24. cxd5 Ne5 25. d6 Bd8 26. Rd5 Qe6 27. Qd1 Bxh4 28.
gxh4 Rbd8 29. Ne2 Nd3 30. Nc3 Rxd6 0-1

[Event "BL 0607 Bindl-Aktionär - SF Katernberg"]
[Site "?"]
[Date "2006.10.28"]
[Round "1.4"]
[White "Baramidze, David"]
[Black "Glek, Igor V"]
[Result "1/2-1/2"]
[WhiteElo "2585"]
[BlackElo "2538"]
[PlyCount "64"]
[EventDate "2006.??.??"]

1. e4 e6 2. d4 d5 3. Nc3 Nf6 4. e5 Nfd7 5. f4 c5 6. Nf3 Nc6 7. Ne2 b5 8. a3 Rb8
9. Be3 a5 10. dxc5 Nxc5 11. Ned4 Nxd4 12. Nxd4 Bd7 13. Bd3 Be7 14. f5 Nxd3+ 15.
Qxd3 exf5 16. Nxf5 Bxf5 17. Qxf5 Qd7 18. O-O Qxf5 19. Rxf5 Rc8 20. c3 Bc5 21.
Bxc5 Rxc5 22. Raf1 Rc7 23. R1f4 Re7 24. Rd4 Rd7 25. Rdf4 Re7 26. a4 g6 27. Rf6
bxa4 28. Rxa4 O-O 29. Rxa5 Rxe5 30. Rf2 Re1+ 31. Rf1 Rxf1+ 32. Kxf1 Rb8 1/2-1/2

[Event "BL 0607 Bindl-Aktionär - SF Katernberg"]
[Site "?"]
[Date "2006.10.28"]
[Round "1.5"]
[White "Firman, Nazar"]
[Black "Prusikin, Michael"]
[Result "1/2-1/2"]
[WhiteElo "2495"]
[BlackElo "2560"]
[PlyCount "85"]
[EventDate "2006.??.??"]

1. e4 e6 2. d4 d5 3. Nc3 Nf6 4. Bg5 dxe4 5. Nxe4 Nbd7 6. Nf3 h6 7. Nxf6+ Nxf6
8. Be3 Nd5 9. Qd2 Bd6 10. Bd3 Bd7 11. O-O O-O 12. c4 Nxe3 13. Qxe3 Bc6 14. Be4
Bxe4 15. Qxe4 c6 16. Rfd1 Qa5 17. a3 Rad8 18. Qc2 Rd7 19. b4 Qc7 20. Rd3 Rfd8
21. Rad1 Qb8 22. g3 Bc7 23. Qb3 e5 24. dxe5 Rxd3 25. Rxd3 Rxd3 26. Qxd3 Bxe5
27. Qd7 Bc7 28. Kg2 Qd8 29. Qg4 g6 30. h4 h5 31. Qe4 Bd6 32. Qd4 a6 33. Nd2 Be7
34. Qxd8+ Bxd8 35. Nb3 Bb6 36. Kf3 Kf8 37. c5 Bc7 38. Ke4 Ke7 39. f4 Kd7 40.
Nd2 a5 41. Nc4 axb4 42. axb4 Ke6 43. Ne3 1/2-1/2

[Event "BL 0607 Bindl-Aktionär - SF Katernberg"]
[Site "?"]
[Date "2006.10.28"]
[Round "1.6"]
[White "Bischoff, Klaus"]
[Black "Senff, Martin"]
[Result "1-0"]
[WhiteElo "2533"]
[BlackElo "2449"]
[PlyCount "135"]
[EventDate "2006.??.??"]

1. d4 d5 2. c4 e6 3. Nc3 Be7 4. Nf3 Nf6 5. Bg5 h6 6. Bh4 O-O 7. e3 Ne4 8. Bxe7
Qxe7 9. Rc1 c6 10. Qc2 Nxc3 11. Qxc3 dxc4 12. Bxc4 Nd7 13. Be2 Re8 14. O-O e5
15. Rfe1 exd4 16. exd4 Nf8 17. d5 Bg4 18. h3 Bh5 19. dxc6 bxc6 20. Bf1 Qb7 21.
Rxe8 Rxe8 22. Nd4 Bg6 23. Nxc6 Ne6 24. Re1 Kh7 25. b4 Rc8 26. b5 a6 27. a4 axb5
28. axb5 Qb6 29. h4 h5 30. Re5 Nd8 31. Re8 Rxc6 32. bxc6 Qxc6 33. Qe3 Ne6 34.
Rb8 Qe4 35. Qxe4 Bxe4 36. Bc4 Bf5 37. Bxe6 Bxe6 38. f3 g6 39. Kf2 Kg7 40. Ke3
Bc4 41. Kf4 Bf1 42. Rb1 Bd3 43. Rc1 Kf6 44. Rc6+ Kg7 45. Ke5 Bf1 46. Rc2 Bd3
47. Rd2 Bf5 48. Rd6 Bc8 49. Kf4 Bf5 50. Kg5 Bc2 51. Rf6 Bd3 52. Rf4 Bf1 53. g4
hxg4 54. Kxg4 Bd3 55. Kg5 Be2 56. Rf6 Bd1 57. f4 Be2 58. Rd6 Bf3 59. Rd7 Be2
60. Rc7 Bd1 61. h5 gxh5 62. f5 Bb3 63. f6+ Kh7 64. Kxh5 Bd5 65. Kg5 Be6 66. Rc2
Bd5 67. Rh2+ Kg8 68. Kf4 1-0

[Event "BL 0607 Bindl-Aktionär - SF Katernberg"]
[Site "?"]
[Date "2006.10.28"]
[Round "1.7"]
[White "Siebrecht, Sebastian"]
[Black "Stohl, Igor Dr"]
[Result "0-1"]
[WhiteElo "2463"]
[BlackElo "2551"]
[PlyCount "102"]
[EventDate "2006.??.??"]

1. d4 Nf6 2. Nf3 e6 3. c4 d5 4. Nc3 Be7 5. Bg5 O-O 6. e3 h6 7. Bh4 b6 8. Rc1
Bb7 9. Bxf6 Bxf6 10. cxd5 exd5 11. Bd3 c5 12. dxc5 bxc5 13. O-O Nd7 14. Bb1 Nb6
15. Qc2 g6 16. Rfd1 Qe7 17. Ne2 Rac8 18. Ng3 Rfd8 19. b3 h5 20. h3 d4 21. e4 h4
22. Nf1 c4 23. bxc4 Rxc4 24. Qd2 Rxc1 25. Rxc1 Na4 26. Qf4 Nc3 27. Bd3 g5 28.
Qg4 Bxe4 29. Rxc3 Bxf3 30. Bh7+ Kxh7 31. Rxf3 Kg7 32. Rf5 d3 33. f4 d2 34. fxg5
Bc3 35. Qd1 Qe1 36. Qh5 Qe6 37. Rf6 Bd4+ 38. Kh1 d1=Q 39. Qxd1 Bxf6 40. gxf6+
Qxf6 41. Qg4+ Kf8 42. Qb4+ Qe7 43. Qc3 Kg8 44. Qf3 Qg5 45. Kg1 Rc8 46. a3 a5
47. Nd2 Qg3 48. Qf5 Qe3+ 49. Kh2 Rc5 50. Qg4+ Qg5 51. Qe2 Rc2 0-1

[Event "BL 0607 Bindl-Aktionär - SF Katernberg"]
[Site "?"]
[Date "2006.10.28"]
[Round "1.8"]
[White "Markos, Jan"]
[Black "Souleidis, Georgios"]
[Result "1-0"]
[WhiteElo "2538"]
[BlackElo "2407"]
[PlyCount "81"]
[EventDate "2006.??.??"]

1. d4 Nf6 2. c4 g6 3. Nc3 Bg7 4. e4 d6 5. Bd3 O-O 6. Nge2 Nc6 7. O-O e5 8. d5
Nd4 9. Rb1 Nxe2+ 10. Nxe2 a5 11. b3 Nh5 12. Be3 Qe7 13. Qd2 Bd7 14. Kh1 Kh8 15.
Rbe1 c5 16. dxc6 bxc6 17. Bc2 Be6 18. Rd1 Rfd8 19. Bb6 Rd7 20. Bxa5 d5 21. cxd5
cxd5 22. Bb4 Qh4 23. Qc3 Rxa2 24. exd5 Bxd5 25. Be4 Rxe2 26. Rxd5 Rxd5 27. Bxd5
h6 28. Qf3 Nf4 29. g3 Qh3 30. Kg1 Nxd5 31. Qxd5 Qf5 32. Bc5 Kh7 33. b4 h5 34.
h4 Rb2 35. Kg2 Qg4 36. Qxf7 Qe4+ 37. Qf3 Qf5 38. Rd1 e4 39. Qxf5 gxf5 40. Rd7
Kg6 41. Rxg7+ 1-0

[Event "BL 0607 SF Berlin - SV Mülheim Nord"]
[Site "?"]
[Date "2006.10.28"]
[Round "1.1"]
[White "Tregubov, Pavel V"]
[Black "Miezis, Normunds"]
[Result "1-0"]
[WhiteElo "2596"]
[BlackElo "2529"]
[PlyCount "78"]
[EventDate "2006.??.??"]

1. d4 Nf6 2. Nf3 e6 3. c4 Bb4+ 4. Bd2 c5 5. Bxb4 cxb4 6. e3 b6 7. Be2 Bb7 8.
O-O Qe7 9. Ne1 O-O 10. Nd3 d5 11. Nd2 Nc6 12. cxd5 exd5 13. Nf3 Ne4 14. Rc1 a5
15. Nf4 Qd6 16. Bb5 Nd8 17. Ne5 f6 18. Ned3 Rf7 19. Qg4 g5 20. f3 f5 21. Qh5
Nd2 22. Qxg5+ Rg7 23. Qxf5 Nxf1 24. Kxf1 Nf7 25. Ne5 Nxe5 26. dxe5 Qh6 27. h3
Rg5 28. Qd7 Rg7 29. Qd6 Qxd6 30. exd6 Rc8 31. Rxc8+ Bxc8 32. Nxd5 Kf8 33. e4
Be6 34. Nc7 Bxa2 35. e5 Bb3 36. e6 a4 37. e7+ Rxe7 38. dxe7+ Kxe7 39. Nd5+ Bxd5
1-0

[Event "BL 0607 SF Berlin - SV Mülheim Nord"]
[Site "?"]
[Date "2006.10.28"]
[Round "1.2"]
[White "Polzin, Rainer"]
[Black "Landa, Konstantin"]
[Result "0-1"]
[WhiteElo "2480"]
[BlackElo "2570"]
[PlyCount "84"]
[EventDate "2006.??.??"]

1. e4 e5 2. Nf3 Nc6 3. Bc4 Bc5 4. c3 Nf6 5. d3 a6 6. O-O d6 7. Bb3 O-O 8. Nbd2
h6 9. Re1 Be6 10. Nf1 Bxb3 11. axb3 d5 12. b4 Ba7 13. Qb3 Ng4 14. Ne3 Nxe3 15.
Bxe3 d4 16. cxd4 Nxd4 17. Bxd4 Bxd4 18. Ra5 c6 19. Nxd4 Qxd4 20. Qc3 Rfd8 21.
Rxe5 Qxc3 22. bxc3 Rxd3 23. Rc1 Kf8 24. g3 g5 25. Kg2 Re8 26. Rxe8+ Kxe8 27. g4
Ke7 28. f3 Kd6 29. Kf2 c5 30. bxc5+ Kxc5 31. Ke2 Kc4 32. Rb1 Rd7 33. Rb6 a5 34.
Rxh6 a4 35. Rh8 Kxc3 36. Ra8 b5 37. Ra5 Kb4 38. Ra6 a3 39. f4 gxf4 40. h4 Kb3
41. h5 a2 42. h6 Rd6 0-1

[Event "BL 0607 SF Berlin - SV Mülheim Nord"]
[Site "?"]
[Date "2006.10.28"]
[Round "1.3"]
[White "Golod, Vitali"]
[Black "Thiede, Lars"]
[Result "1-0"]
[WhiteElo "2582"]
[BlackElo "2504"]
[PlyCount "77"]
[EventDate "2006.??.??"]

1. d4 g6 2. c4 Nf6 3. Nc3 Bg7 4. e4 d6 5. Be2 O-O 6. Nf3 Na6 7. Bf4 Bg4 8. h3
Bxf3 9. Bxf3 e5 10. dxe5 dxe5 11. Bxe5 Re8 12. Bf4 Nxe4 13. Nxe4 f5 14. O-O
fxe4 15. Be2 Qf6 16. Be3 b6 17. Rb1 c5 18. a3 Qe7 19. Qa4 Qb7 20. Rfd1 Red8 21.
Rd5 Nc7 22. Rd7 Rxd7 23. Qxd7 Re8 24. Bf4 Be5 25. Bxe5 Rxe5 26. Rd1 Qb8 27. Rd6
Re8 28. Rc6 Na6 29. Bg4 Kh8 30. Re6 Nc7 31. Re7 Rxe7 32. Qxe7 h5 33. Bd7 Na6
34. g3 Qc7 35. Kg2 Nb8 36. Qf8+ Kh7 37. Be6 Qe5 38. Bg8+ Kh8 39. Bf7+ 1-0

[Event "BL 0607 SF Berlin - SV Mülheim Nord"]
[Site "?"]
[Date "2006.10.28"]
[Round "1.4"]
[White "Berndt, Stephan"]
[Black "Fridman, Daniel"]
[Result "1/2-1/2"]
[WhiteElo "2445"]
[BlackElo "2604"]
[PlyCount "71"]
[EventDate "2006.??.??"]

1. e4 e5 2. Nf3 Nf6 3. Nxe5 d6 4. Nf3 Nxe4 5. Nc3 Nf6 6. d4 Bg4 7. h3 Bh5 8. g4
Bg6 9. Bg2 Be7 10. O-O c6 11. Nh4 Nfd7 12. Nxg6 hxg6 13. Bf4 d5 14. Qd3 g5 15.
Bg3 Nf8 16. f4 gxf4 17. Rxf4 Ne6 18. Rf5 Bf6 19. Ne2 Nd7 20. c3 Ndf8 21. Raf1
Ng6 22. Be5 Bxe5 23. Rxf7 Qg5 24. R7f5 Qe7 25. dxe5 Nh4 26. R5f2 Ng5 27. Nd4
O-O-O 28. Nf5 Nxf5 29. Rxf5 g6 30. Rf6 Qxe5 31. Rxg6 Kb8 32. Rf5 Qe1+ 33. Rf1
Qe5 34. Rf5 Qe1+ 35. Rf1 Qe5 36. Rgf6 1/2-1/2